000 00593nam a2200253Ia 4500
003 OSt
005 20220912145719.0
006 a|||||r|||| 00| 0
007 ta
008 220909b |||||||| |||| 00| 0 eng d
024 _a74137
037 _cTextual
040 _aCSL
_beng
_cCSL
041 _aeng
082 _aL:2, 152H9
100 _aPathak R B
245 0 _aDoctory-gyan sangarh
260 _c1949
300 _ap.
_ccm.
650 _aMedicine
700 _a Pathak K C
942 _hL:2, 152H9
_cTEXL
_2CC
999 _c36876
_d36876